000 00669nam a22002417a 4500
003 UA-OsUOA
001 72964
007 ta
008 20110207b un ||||| |||| 00| 0 ukr d
100 _aДамодаран А.
090 _a330.131.7:658
_bД16
942 _cBK
040 _aUA-OsUOA
_brus
_cUA-OsUOA
_dUA-OsUOA
245 _aСтратегический риск-менеджмент: принципы и методики
300 _a496 с.
955 _a2
041 _arus
080 _a330.131.7:658
020 _a978-8459-1453-8
260 _aМ.
_bВильямс
_c2010
650 7 _a330 Економіка взагалі
_2UDC
999 _c359246
_d359246